[Event "GER-chT U14"]
[Site "Kelheim"]
[Date "2022.12.28"]
[Round "4"]
[White "Moldovan, Tudor"]
[Black "Ruehmer, Nico"]
[Result "0-1"]
[WhiteElo "1263"]
[BlackElo "1391"]
[PlyCount "112"]
[EventDate "2022.12.26"]
[EventType "team-swiss"]
[EventRounds "7"]
[EventCountry "GER"]
[SourceTitle "CBM 212 Extra"]
[Source "ChessBase"]
[SourceDate "2023.03.31"]
[SourceVersion "1"]
[SourceVersionDate "2023.03.31"]
[SourceQuality "1"]
[WhiteTeam "Hohentuebingen"]
[BlackTeam "Plauen Koenig"]
[WhiteTeamCountry "GER"]
[BlackTeamCountry "GER"]

1. d4 f5 2. Nf3 Nf6 3. e3 e6 4. Bd3 b6 5. b3 Bb7 6. Bb2 Be7 7. Nbd2 0-0 8. 0-0 d6 9. Bc4 d5 10. Bd3 Ne4 11. Ne5 Nd7 12. f4 Nxe5 13. fxe5 c5 14. Rf3 cxd4 15. exd4 Bg5 16. Nf1 Rc8 17. Rh3 Qe8 18. Ba3 Rf7 19. Bxe4 dxe4 20. Qh5 h6 21. c4 Rd7 22. Qd1 Rcd8 23. Bb2 Be7 24. Qd2 Bc5 25. Rg3 Kh7 26. Qe2 Bxd4+ 27. Bxd4 Rxd4 28. Rc1 Qe7 29. Qh5 Qe8 30. Qh4 Bc6 31. Rh3 Rd3 32. Re3 Rxe3 33. Nxe3 Rd3 34. Qf2 Qd8 35. Nf1 Qd4 36. Qxd4 Rxd4 37. c5 b5 38. Kf2 g5 39. g3 Kg6 40. h3 Rd5 41. Rc2 Rxe5 42. Ne3 f4 43. gxf4 gxf4 44. Ng4 e3+ 45. Ke2 Rd5 46. b4 h5 47. Nh2 Rd4 48. Rb2 Kg5 49. Nf3+ Bxf3+ 50. Kxf3 Rc4 51. Rg2+ Kf5 52. a3 e5 53. Rb2 e4+ 54. Ke2 Rc3 55. h4 f3+ 56. Kd1 e2+ 0-1